| 000 | 00750nam a2200229 a 4500 | ||
|---|---|---|---|
| 005 | 20220817104734.0 | ||
| 008 | 160504s2008 ea r 000 0 spa d | ||
| 020 | _a9781407509426 | ||
| 035 | _aUPN01000210133 | ||
| 049 | _aI | ||
| 050 | 4 |
_aPZ71 _bG6.58 |
|
| 100 | 1 |
_aGoldsack, Gaby, _d1966- _933471 |
|
| 245 | 1 | 0 |
_aMy grandpa is great = _bMi abuelo es estupendo / _cGaby Goldsack ; il. Sara Walker ; tr. Marina Bendersky. |
| 260 |
_aInglaterra : _bParragon, _c2008. |
||
| 300 |
_a[27] p. : _bprincipalmente il. col. |
||
| 500 | _aTexto en inglés y español | ||
| 650 | 7 |
_aAbuelos _vLiteratura infantil _2 _911576 |
|
| 650 | 0 |
_aLiteratura infantil inglesa _911046 |
|
| 740 | 0 | _aMi abuelo es estupendo | |
| 905 | _aInfantil | ||
| 999 |
_c182234 _d182234 |
||